Star Academy 2024 - Et si tu sens [paroles] - Statistiques

Statistiques générales
  • Ce quiz a été pris 33 fois
  • Le résultat moyen est 60 sur 97
Statistiques - réponses
Hint Réponse % Correct
25 tu
100%
1 (tu
100%
7 et
97%
1 (et
97%
17 que
97%
1 (que
97%
8 sens
97%
8 si
97%
2 de
93%
10 le
93%
9 jour
90%
7 vient
90%
2 vient)
90%
4 demain
87%
1 (demain)
87%
7 la
87%
1
87%
4 peux
83%
1 à
80%
5 étoile
80%
1 étoile)
80%
1 sera
80%
6 seule
80%
4 un
77%
14 pour
73%
4 revivre
73%
6 te
73%
2 toi
73%
4 ton
73%
3 une
73%
1 au
70%
4 les
70%
6 seras
70%
1 y
67%
3 c'est
63%
1 fond
63%
1 qui
63%
4 reste
63%
2 sur
63%
3 venir
63%
3 avenir
60%
1 (avenir)
60%
2 certain
60%
2 on
60%
4 qu'il
60%
2 yeux
60%
1 aura
57%
1 des
57%
3 horizon
57%
4 tant
57%
1 tes
57%
3 voir
57%
1 nos
53%
1 visage
53%
2 autre
50%
1 fermés
50%
1 l'amour
50%
1 larmes
50%
1 mains
50%
1 redonner
50%
1 sois
50%
1 tous
50%
1 volonté
50%
1 baissée
47%
1 bien
47%
1 calée
47%
1 d'autres
47%
1 d'eau
47%
1 garder
47%
2 histoire
47%
1 jours
47%
2 l'avenir
47%
1 l'espoir
47%
1 mouillent
47%
1 parfois
47%
1 pourras
47%
1 reçois
47%
2 réparer
47%
1 tête
47%
1 veillera
47%
1 voulu
47%
1 ailles
43%
1 effaceras
43%
1 milliers
43%
1 mots
43%
1 pages
43%
1 rire
43%
1 t'as
43%
2 t'offrir
43%
1 toujours
43%
1 voudras
43%
1 écrire
40%
1 flamme
40%
1 mur
40%
1 vivant
40%
1 traverseras
37%
1 (ah)
13%
Aucun quiz correspondant
Distribution des résultats
% des personnes avec chaque résultat
Percentile par nombre de réponses
Votre historique - résultats
Vous n’avez pas pris ce quiz